[Event "CP-2010-P-00063"]
[Site "LSS email"]
[Date "2010.09.28"]
[Round "?"]
[White "Vontina, Maria"]
[Black "Acess, Mandro"]
[Result "1-0"]
[WhiteElo "639"]
[BlackElo "1290"]
[PlyCount "34"]
[EventDate "2010.10.01"]
[EventType "tourn (corr)"]
[EventRounds "6"]
[EventCountry "GER"]
[SourceTitle "Corr 2015"]
[Source "ChessBase"]
[SourceDate "2015.07.17"]
[SourceVersion "1"]
[SourceVersionDate "2015.07.17"]
[SourceQuality "1"]

1. e4 c5 2. Nf3 d6 3. d4 cxd4 4. Nxd4 Nf6 5. Nc3 g6 6. Be3 Bg7 7. Qd2 Nc6 8. f3 0-0 9. g4 e5 10. Nxc6 bxc6 11. 0-0-0 d5 12. exd5 cxd5 13. Nxd5 e4 14. Nxf6+ Qxf6 15. Bd4 Qxd4 16. Qxd4 Bxd4 17. Rxd4 exf3 1-0

[Event "LSS RD-2010-0-00035"]
[Site "LSS email"]
[Date "2010.09.06"]
[Round "?"]
[White "Acess, Mandro"]
[Black "Guaimare Rodriguez, Carlos Luis"]
[Result "0-1"]
[WhiteElo "1290"]
[BlackElo "1243"]
[PlyCount "20"]
[EventDate "2010.05.20"]
[EventType "tourn (corr)"]
[EventRounds "6"]
[EventCountry "GER"]
[SourceTitle "Corr 2013"]
[Source "ChessBase"]
[SourceDate "2012.11.12"]
[SourceVersion "1"]
[SourceVersionDate "2012.11.12"]
[SourceQuality "1"]

1. e4 e5 2. f4 exf4 3. Nf3 d5 4. exd5 Nf6 5. Bb5+ c6 6. dxc6 Nxc6 7. d4 Bd6 8. 0-0 0-0 9. Nbd2 Bg4 10. c3 Qb6 0-1

[Event "LSS SD-2010-0-00068"]
[Site "LSS email"]
[Date "2010.09.06"]
[Round "?"]
[White "Yang, Dong"]
[Black "Acess, Mandro"]
[Result "1-0"]
[WhiteElo "1433"]
[BlackElo "1290"]
[PlyCount "26"]
[EventDate "2010.07.26"]
[EventType "tourn (corr)"]
[EventRounds "6"]
[EventCountry "GER"]
[SourceTitle "Corr 2013"]
[Source "ChessBase"]
[SourceDate "2012.11.12"]
[SourceVersion "1"]
[SourceVersionDate "2012.11.12"]
[SourceQuality "1"]
[WhiteTeam "US of America"]
[BlackTeam "US of America"]
[WhiteTeamCountry "USA"]
[BlackTeamCountry "USA"]

1. e4 c5 2. Nf3 d6 3. d4 cxd4 4. Nxd4 Nf6 5. Nc3 a6 6. Be2 e5 7. Nb3 Be7 8. 0-0 0-0 9. Kh1 b6 10. f3 Bb7 11. a4 Nc6 12. Be3 Nb4 13. Qd2 d5 1-0

[Event "OP-2010-0-01245"]
[Site "LSS email"]
[Date "2010.08.29"]
[Round "?"]
[White "Steinert, Martin"]
[Black "Acess, Mandro"]
[Result "1-0"]
[WhiteElo "1676"]
[BlackElo "1290"]
[PlyCount "40"]
[EventDate "2010.08.24"]
[EventType "tourn (corr)"]
[EventRounds "4"]
[EventCountry "GER"]
[SourceTitle "Telechess CBM 143"]
[Source "ChessBase"]
[SourceDate "2011.07.15"]
[SourceVersion "1"]
[SourceVersionDate "2011.07.15"]
[SourceQuality "1"]

1. d4 Nf6 2. g3 d5 3. Bg2 c6 4. Nf3 Bf5 5. 0-0 e6 6. Nh4 Bg6 7. c3 Nbd7 8. Nd2 Be7 9. Re1 0-0 10. Nxg6 hxg6 11. e4 dxe4 12. Nxe4 Nxe4 13. Bxe4 Nf6 14. Bg2 a5 15. Qb3 Qd7 16. a4 Nd5 17. Bd2 Rfd8 18. Re2 Rab8 19. h4 Bf6 20. Bf3 b6 1-0

[Event "LSS SD-2010-0-00067"]
[Site "LSS email"]
[Date "2010.08.29"]
[Round "?"]
[White "Weiner, Milan"]
[Black "Acess, Mandro"]
[Result "1-0"]
[WhiteElo "1310"]
[BlackElo "1290"]
[PlyCount "38"]
[EventDate "2010.07.22"]
[EventType "tourn (corr)"]
[EventRounds "6"]
[EventCountry "GER"]
[SourceTitle "Telechess CBM 143"]
[Source "ChessBase"]
[SourceDate "2011.07.15"]
[SourceVersion "1"]
[SourceVersionDate "2011.07.15"]
[SourceQuality "1"]

1. e4 c5 2. c3 d5 3. exd5 Qxd5 4. d4 Nf6 5. Nf3 Bg4 6. Be2 e6 7. Be3 Nc6 8. dxc5 Qxd1+ 9. Bxd1 Nd5 10. b4 a6 11. a3 Be7 12. c4 Nxe3 13. fxe3 0-0-0 14. Nc3 Bf6 15. Rc1 Rd3 16. Nb1 Bb2 17. Rc2 Bxa3 18. Ke2 Nxb4 19. Rd2 Rxd2+ 1-0

[Event "OP-2010-0-01197"]
[Site "LSS email"]
[Date "2010.07.04"]
[Round "?"]
[White "Stratta, Rodolfo"]
[Black "Acess, Mandro"]
[Result "1/2-1/2"]
[WhiteElo "2358"]
[BlackElo "1474"]
[PlyCount "74"]
[EventDate "2010.06.27"]
[EventType "tourn (corr)"]
[EventRounds "4"]
[EventCountry "GER"]
[SourceTitle "Telechess CBM 143"]
[Source "ChessBase"]
[SourceDate "2011.07.15"]
[SourceVersion "1"]
[SourceVersionDate "2011.07.15"]
[SourceQuality "1"]

1. d4 Nf6 2. Nf3 g6 3. c4 Bg7 4. Nc3 0-0 5. e4 d6 6. Be2 e5 7. 0-0 Nc6 8. d5 Ne7 9. b4 Nh5 10. Re1 f5 11. Ng5 Nf6 12. f3 Kh8 13. Rb1 h6 14. Ne6 Bxe6 15. dxe6 fxe4 16. fxe4 Nc6 17. Nd5 Ng8 18. Bd3 Nd4 19. Qg4 g5 20. h4 Nf6 21. Qg3 Nxe6 22. hxg5 Nxd5 23. exd5 Nxg5 24. Qg4 Kg8 25. Bf5 e4 26. Rf1 Bd4+ 27. Kh1 Kh8 28. Rd1 Be5 29. Rb2 Qf6 30. Rf2 a5 31. b5 Qg7 32. Qh5 Rf6 33. g4 Raf8 34. Kg2 Kg8 35. Be3 b6 36. Rh1 R8f7 37. a3 Kf8 1/2-1/2

[Event "LSS No Engine Cup 24 Preliminary 6"]
[Site "LSS email"]
[Date "2010.06.23"]
[Round "?"]
[White "Acess, Mandro"]
[Black "Van Dosselaer, Mattias"]
[Result "1-0"]
[WhiteElo "1415"]
[BlackElo "1350"]
[PlyCount "57"]
[EventDate "2010.06.24"]
[EventType "tourn (corr)"]
[EventRounds "6"]
[EventCountry "GER"]
[SourceTitle "Telechess CBM 143"]
[Source "ChessBase"]
[SourceDate "2011.07.15"]
[SourceVersion "1"]
[SourceVersionDate "2011.07.15"]
[SourceQuality "1"]

1. f4 d6 2. Nf3 Nf6 3. e3 Nbd7 4. d4 e5 5. dxe5 dxe5 6. fxe5 Ng4 7. Qd4 Bc5 8. Qxg4 g6 9. e6 fxe6 10. Qxe6+ Qe7 11. Qxe7+ Bxe7 12. Bc4 Nb6 13. Bb3 Bg4 14. Nc3 0-0-0 15. Nd5 Nxd5 16. Ne5 Be6 17. e4 Nb4 18. Bxe6+ Kb8 19. Bb3 Bc5 20. Nf7 Rhf8 21. Nxd8 Rf2 22. Ne6 Nxc2+ 23. Bxc2 Rxc2 24. Nxc5 Rxc5 25. 0-0 b6 26. Bf4 Kb7 27. Rac1 Ra5 28. Rxc7+ Ka6 29. a3 1-0

[Event "LSS No Engine Cup 24 Preliminary 6"]
[Site "LSS email"]
[Date "2010.06.23"]
[Round "?"]
[White "Schnoewitz, Brigitte"]
[Black "Acess, Mandro"]
[Result "0-1"]
[WhiteElo "1170"]
[BlackElo "1372"]
[PlyCount "62"]
[EventDate "2010.06.24"]
[EventType "tourn (corr)"]
[EventRounds "6"]
[EventCountry "GER"]
[SourceTitle "Telechess CBM 143"]
[Source "ChessBase"]
[SourceDate "2011.07.15"]
[SourceVersion "1"]
[SourceVersionDate "2011.07.15"]
[SourceQuality "1"]

1. d4 Nf6 2. c4 g6 3. Nc3 Bg7 4. Nf3 0-0 5. e4 d6 6. Be2 e5 7. 0-0 Nc6 8. d5 Ne7 9. h3 h6 10. Be3 Nd7 11. Qd2 Kh7 12. b4 a5 13. a3 f5 14. exf5 Nxf5 15. Ne4 Nxe3 16. Qxe3 Nf6 17. Nxf6+ Qxf6 18. c5 axb4 19. axb4 Rxa1 20. Rxa1 e4 21. Rc1 exf3 22. Bxf3 Bxh3 23. cxd6 cxd6 24. Be4 Bf5 25. Bf3 Rc8 26. Re1 Qb2 27. Qb6 Bd4 28. Qxb7+ Kg8 29. Be2 Qd2 30. Kf1 Rc1 31. Qb8+ Bc8 0-1

[Event "ZL-2010-0-00723"]
[Site "LSS email"]
[Date "2010.06.22"]
[Round "?"]
[White "Lauer, Fredric"]
[Black "Acess, Mandro"]
[Result "0-1"]
[WhiteElo "1050"]
[BlackElo "1372"]
[PlyCount "68"]
[EventDate "2010.06.04"]
[EventType "match (corr)"]
[EventRounds "2"]
[EventCountry "GER"]
[SourceTitle "Telechess CBM 143"]
[Source "ChessBase"]
[SourceDate "2011.07.15"]
[SourceVersion "1"]
[SourceVersionDate "2011.07.15"]
[SourceQuality "1"]

1. e4 c5 2. c3 Nf6 3. e5 Nd5 4. g3 d6 5. exd6 e6 6. Bg2 Bxd6 7. Nf3 Nc6 8. 0-0 0-0 9. d4 cxd4 10. Nxd4 Nxd4 11. Qxd4 Qc7 12. Nd2 Bd7 13. Ne4 Be5 14. Qd1 Bb5 15. Re1 Rad8 16. Qh5 h6 17. a4 Bc6 18. Qe2 Rfe8 19. a5 a6 20. Be3 Nxe3 21. Qxe3 Bd6 22. Nxd6 Rxd6 23. b4 Bxg2 24. Kxg2 Red8 25. Qe5 Qc8 26. Rac1 Rd3 27. c4 R3d4 28. Re4 Qc6 29. f3 Rd2+ 30. Kh3 R8d3 31. f4 Re3 32. Rxe3 Qg2+ 33. Kh4 Qxh2+ 34. Kg4 f5+ 0-1

[Event "LSS BI-2010-P-00017"]
[Site "LSS email"]
[Date "2010.04.19"]
[Round "?"]
[White "Acess, Mandro"]
[Black "Loktayev, Vladislav"]
[Result "1-0"]
[WhiteElo "1357"]
[BlackElo "1213"]
[PlyCount "55"]
[EventDate "2010.04.22"]
[EventType "tourn (corr)"]
[EventRounds "10"]
[EventCountry "GER"]
[SourceTitle "Telechess CBM 141"]
[Source "ChessBase"]
[SourceDate "2011.03.17"]
[SourceVersion "1"]
[SourceVersionDate "2011.03.17"]
[SourceQuality "1"]

1. e4 c5 2. Nf3 a6 3. d4 cxd4 4. Nxd4 Nf6 5. Nc3 e5 6. Nf3 Bb4 7. Bc4 Qc7 8. Qd3 d5 9. Bxd5 Nxd5 10. exd5 Nd7 11. 0-0 Nc5 12. Qc4 Bxc3 13. Qxc3 f6 14. Be3 b6 15. b4 Ne6 16. Qd3 Nd8 17. c4 Nf7 18. c5 bxc5 19. bxc5 0-0 20. Rab1 f5 21. d6 Qc6 22. Rb6 Qa4 23. Nxe5 Be6 24. Qd4 Qxa2 25. Ra1 Qd5 26. Nc6 Qxd4 27. Ne7+ Kh8 28. Bxd4 1-0